| 000 | 00357nam a22001577a 4500 | ||
|---|---|---|---|
| 005 | 20180414125436.0 | ||
| 008 | 160623b xxu||||| |||| 00| 0 eng d | ||
| 041 | _aeng | ||
| 082 |
_b9262 _a346.07 |
||
| 100 |
_aSaharay, H.K. _92541 |
||
| 245 | _aLaw of Contract | ||
| 260 |
_bKamel Law H _c2004 |
||
| 300 | _a526 | ||
| 650 |
_aManagement _9241 |
||
| 942 | _cBK | ||
| 999 |
_c3614 _d3613 |
||